The Essence of Bhutanese Culture, (Record no. 9568)

MARC details
000 -LEADER
fixed length control field 00441nam a22001457a 4500
008 - FIXED-LENGTH DATA ELEMENTS--GENERAL INFORMATION
fixed length control field 230519b |||||||| |||| 00| 0 eng d
020 ## - INTERNATIONAL STANDARD BOOK NUMBER
International Standard Book Number 978-99936-622-2-7
082 ## - DEWEY DECIMAL CLASSIFICATION NUMBER
Classification number 370.11
100 ## - MAIN ENTRY--PERSONAL NAME
Personal name The National Museum of Bhutan
245 ## - TITLE STATEMENT
Title The Essence of Bhutanese Culture,
Remainder of title The proceedings of the fifth colloquium
250 ## - EDITION STATEMENT
Edition statement Volume 2, Edition 3
300 ## - PHYSICAL DESCRIPTION
Extent 278 p.
Dimensions 23 cm
942 ## - Added entry Elements (Koha)
Source of classification or shelving scheme Dewey Decimal Classification
Holdings
Withdrawn status Lost status Source of classification or shelving scheme Damaged status Not for loan Collection code Home library Current library Shelving location Date acquired Serial Enumeration / chronology Full call number Barcode Date last seen Price effective from Koha item type
    Dewey Decimal Classification     Main TEST RTC Library RTC Library Main opac 19/05/2023 177416 370.11 NMB 30018803 19/05/2023 19/05/2023 Main
Royal Thimphu College || All Right Reserved